[Event "32. Copenhagen Open (Politiken Cup)"]
[Site "Elsinore"]
[Date "2010.08.03"]
[Round "5"]
[White "Christensen, Casper"]
[Black "Ramme, Christoph"]
[Result "0-1"]
[WhiteElo "1888"]
[BlackElo "2062"]
[PlyCount "60"]
[EventDate "2010.07.31"]
[EventType "swiss"]
[EventRounds "10"]
[EventCountry "DEN"]
[Source "ChessBase"]
[SourceDate "2010.09.01"]

1. d4 Nf6 2. Nf3 g6 3. c4 Bg7 4. Nc3 O-O 5. g3 d5 6. cxd5 Nxd5 7. e4 Nxc3 8.
bxc3 c5 9. h3 Nc6 10. Be3 Qa5 11. Qd2 cxd4 12. cxd4 Qxd2+ 13. Kxd2 Rd8 14. Kc3
Na5 15. Rd1 b6 16. Nh4 Bb7 17. f3 Rac8+ 18. Kb2 Nc6 19. Rh2 Nxd4 20. Kb1 Nxf3
21. Rxd8+ Rxd8 22. Nxf3 Bxe4+ 23. Kc1 Bxf3 24. Rf2 Bd5 25. Bb5 Be5 26. g4 Kg7
27. Bg5 f6 28. Be3 Be4 29. Ba4 Rd3 30. Re2 Rxe3 0-1

[Event "32. Copenhagen Open (Politiken Cup)"]
[Site "Elsinore"]
[Date "2010.08.03"]
[Round "5"]
[White "Christensen, Esben"]
[Black "Christensen, Svend Ellegaard"]
[Result "1/2-1/2"]
[WhiteElo "2098"]
[BlackElo "2226"]
[PlyCount "28"]
[EventDate "2010.07.31"]
[EventType "swiss"]
[EventRounds "10"]
[EventCountry "DEN"]
[Source "ChessBase"]
[SourceDate "2010.09.01"]

1. e4 c5 2. Nf3 d6 3. d4 cxd4 4. Nxd4 Nf6 5. Nc3 g6 6. f3 Bg7 7. Be3 Nc6 8. Qd2
O-O 9. O-O-O Bd7 10. Nb3 Rc8 11. Bh6 Na5 12. h4 Nc4 13. Bxc4 Rxc4 14. h5 Qc8
1/2-1/2

[Event "32. Copenhagen Open (Politiken Cup)"]
[Site "Elsinore"]
[Date "2010.08.03"]
[Round "5"]
[White "Christiansen, Jens Jorgen"]
[Black "Rodvik, Trym Daniel"]
[Result "1-0"]
[WhiteElo "2156"]
[BlackElo "1750"]
[PlyCount "75"]
[EventDate "2010.07.31"]
[EventType "swiss"]
[EventRounds "10"]
[EventCountry "DEN"]
[Source "ChessBase"]
[SourceDate "2010.09.01"]

1. d4 Nf6 2. Nf3 e6 3. g3 b6 4. Bg2 Bb7 5. O-O c5 6. e3 Be7 7. c4 d6 8. Nc3
cxd4 9. exd4 O-O 10. Qe2 Qc7 11. b3 Nbd7 12. Bb2 a6 13. Rac1 Rac8 14. Rfd1 Rfd8
15. h3 Nf8 16. Qe3 Ng6 17. d5 e5 18. Na4 Nd7 19. b4 Rf8 20. h4 h5 21. Bh3 f5
22. Ng5 Bxg5 23. Qxg5 Rf6 24. Bxf5 Ngf8 25. Nc3 Qxc4 26. Ne4 Rxf5 27. Qxf5 Qe2
28. Nxd6 Rxc1 29. Rxc1 Qxb2 30. Qf7+ Kh8 31. Rc7 Ba8 32. Rc8 Qxb4 33. Qxh5+ Kg8
34. Qf7+ Kh7 35. Nf5 Qe1+ 36. Kg2 Qe4+ 37. Kh2 Ne6 38. Qh5# 1-0

[Event "32. Copenhagen Open (Politiken Cup)"]
[Site "Elsinore"]
[Date "2010.08.03"]
[Round "5"]
[White "Christiansen, Torsten Sundgaar"]
[Black "Torner Planell, Jordi"]
[Result "1/2-1/2"]
[WhiteElo "1733"]
[BlackElo "1978"]
[PlyCount "200"]
[EventDate "2010.07.31"]
[EventType "swiss"]
[EventRounds "10"]
[EventCountry "DEN"]
[Source "ChessBase"]
[SourceDate "2010.09.01"]

1. d4 Nf6 2. Bf4 d5 3. e3 Bf5 4. Nf3 e6 5. c4 c6 6. Nc3 Bd6 7. Bxd6 Qxd6 8. a3
Nbd7 9. Qb3 O-O 10. Be2 dxc4 11. Bxc4 b5 12. Be2 a5 13. O-O Nb6 14. Rac1 b4 15.
Na4 Nbd5 16. Ne5 Rfc8 17. Rc5 Nd7 18. Nxd7 Qxd7 19. Rfc1 Qb7 20. Qc4 Ne7 21.
Bf3 Rab8 22. Rxa5 bxa3 23. bxa3 Qb3 24. Qc5 Rb5 25. Rxb5 Qxb5 26. Qxe7 Qxa4 27.
Qb4 Qa6 28. e4 Bg6 29. Qc5 Qd3 30. Rd1 Qb3 31. Rc1 Qd3 32. e5 Be4 33. Rd1 Qc2
34. Qxc2 Bxc2 35. Rc1 Ba4 36. Kf1 Kf8 37. Ke2 Ke7 38. Kd3 Kd7 39. Rb1 Bb5+ 40.
Kc3 Rc7 41. Bd1 Ra7 42. a4 Ba6 43. Rb6 Bf1 44. g3 Kc7 45. Rb1 Ba6 46. Bc2 h6
47. Kb4 Be2 48. Be4 Ra6 49. f4 Rb6+ 50. Kc5 Ra6 51. Kb4 Rb6+ 52. Kc3 Ra6 53.
Rb4 Ra5 54. Bd3 Bd1 55. Bc2 Be2 56. Kd2 Bf3 57. Ke3 Bg4 58. Rc4 Bh3 59. Rc5 Ra6
60. Be4 Rxa4 61. Rxc6+ Kd8 62. Rc2 Bg4 63. Bg2 Ra3+ 64. Kd2 Ra4 65. Kc3 Ra3+
66. Kb4 Ra1 67. Kc5 Ke7 68. Rb2 Rc1+ 69. Kb4 Kd7 70. Ra2 Rb1+ 71. Kc3 Rc1+ 72.
Kd2 Rc4 73. Ra7+ Ke8 74. Kd3 Rc1 75. Be4 Bh5 76. Ra2 Rc7 77. h3 Bd1 78. f5 Ke7
79. Rb2 Ba4 80. g4 Bd7 81. h4 Ra7 82. Rb3 Ra4 83. Kc3 Kd8 84. Rb8+ Kc7 85. Rg8
Ra3+ 86. Kd2 Rg3 87. Rxg7 exf5 88. Bd5 Rxg4 89. Rxf7 Rxd4+ 90. Ke3 Rxd5 91. Kf4
Rd4+ 92. Kg3 Kd8 93. Rf6 Rd3+ 94. Kf4 Rd4+ 95. Kg3 Rg4+ 96. Kf3 Bc6+ 97. Rxc6
Rxh4 98. Rf6 Rh5 99. Kf4 Ke7 100. Rxf5 Rxf5+ 1/2-1/2

[Event "32. Copenhagen Open (Politiken Cup)"]
[Site "Elsinore"]
[Date "2010.08.03"]
[Round "5"]
[White "Cmilyte, Viktorija"]
[Black "Rodshtein, Maxim"]
[Result "0-1"]
[WhiteElo "2527"]
[BlackElo "2609"]
[PlyCount "116"]
[EventDate "2010.07.31"]
[EventType "swiss"]
[EventRounds "10"]
[EventCountry "DEN"]
[Source "ChessBase"]
[SourceDate "2010.09.01"]

1. d4 Nf6 2. c4 e6 3. Nf3 d5 4. Nc3 Bb4 5. e3 O-O 6. Bd3 c5 7. O-O Nc6 8. a3
Bxc3 9. bxc3 dxc4 10. Bxc4 b6 11. Qe2 Bb7 12. Bb2 Rc8 13. Bd3 Ne7 14. e4 Ng6
15. g3 Qc7 16. Nd2 Rfd8 17. f4 Ne7 18. Rad1 b5 19. Nf3 h6 20. h3 a6 21. Kh2 Nd7
22. Nh4 Nb6 23. f5 exf5 24. exf5 f6 25. Bc1 Ned5 26. Rde1 Qf7 27. Ng6 Nxc3 28.
Qe6 Ncd5 29. Re4 Re8 30. Qxf7+ Kxf7 31. Rxe8 Rxe8 32. dxc5 Na4 33. Rf2 Nxc5 34.
Bc2 Ne3 35. g4 Nc4 36. Bf4 Re1 37. Kg3 a5 38. Bd2 Re8 39. Bb1 Ne4+ 40. Bxe4
Rxe4 41. Nf4 a4 42. Bb4 Re3+ 43. Kh2 Ne5 44. Re2 Rf3 45. Ne6 Bd5 46. Nc7 Rd3
47. Nxd5 Rxd5 48. Rc2 Nc4 49. Rc3 h5 50. Kg3 hxg4 51. hxg4 Rd4 52. Kh3 Rd2 53.
Kh4 Rh2+ 54. Kg3 Rb2 55. Kh4 Rb3 56. Rg3 Ne5 57. Bd6 Nf3+ 58. Kh3 Ng5+ 0-1

[Event "32. Copenhagen Open (Politiken Cup)"]
[Site "Elsinore"]
[Date "2010.08.03"]
[Round "5"]
[White "Ebeling, Jens"]
[Black "Willumsen, Henrik"]
[Result "0-1"]
[WhiteElo "1999"]
[BlackElo "2165"]
[PlyCount "78"]
[EventDate "2010.07.31"]
[EventType "swiss"]
[EventRounds "10"]
[EventCountry "DEN"]
[Source "ChessBase"]
[SourceDate "2010.09.01"]

1. e4 e6 2. d3 d5 3. Nd2 c5 4. Ngf3 Nc6 5. g3 Nf6 6. Bg2 dxe4 7. dxe4 e5 8. O-O
Be6 9. c3 Qc7 10. h3 Rd8 11. Qe2 Be7 12. Ng5 Bc8 13. Nc4 h6 14. Nf3 O-O 15. Nh4
Rfe8 16. f4 b5 17. Nxe5 Nxe5 18. fxe5 Qxe5 19. Bf4 Qe6 20. Nf5 c4 21. Nxe7+
Qxe7 22. Rad1 Rxd1 23. Rxd1 Bb7 24. e5 g5 25. Qf2 Ne4 26. Bxe4 Bxe4 27. Be3
Qxe5 28. Bxa7 Qe6 29. Kh2 Bd3 30. Bd4 g4 31. Rd2 f5 32. Qf4 Qe1 33. Bf2 Qe6 34.
Bd4 Be2 35. Qc7 Qg6 36. Qd7 Bf3 37. Qxb5 Qe6 38. Bf2 Bc6 39. Qc5 Qe4 0-1

[Event "32. Copenhagen Open (Politiken Cup)"]
[Site "Elsinore"]
[Date "2010.08.03"]
[Round "5"]
[White "Eljanov, Pavel"]
[Black "Carlstedt, Jonathan"]
[Result "1-0"]
[WhiteElo "2755"]
[BlackElo "2379"]
[PlyCount "85"]
[EventDate "2010.07.31"]
[EventType "swiss"]
[EventRounds "10"]
[EventCountry "DEN"]
[Source "ChessBase"]
[SourceDate "2010.09.01"]

1. d4 d5 2. c4 e6 3. Nf3 c5 4. cxd5 exd5 5. g3 Nc6 6. Bg2 Nf6 7. Nc3 Be7 8. O-O
O-O 9. dxc5 Bxc5 10. a3 h6 11. b4 Bb6 12. Bb2 Bf5 13. Na4 Be4 14. Rc1 Qe7 15.
e3 Rfd8 16. Nxb6 axb6 17. Qe2 Nd7 18. Qd2 Bxf3 19. Bxf3 Nde5 20. Be2 f6 21. b5
Na5 22. Qb4 Qf7 23. Bd4 Qe6 24. Rc7 Nec4 25. Rd1 Rac8 26. Re7 Qf5 27. Rxg7+
Kxg7 28. Qe7+ Kg8 29. Bd3 Rd7 30. Bxf5 Rxe7 31. Bxc8 Kg7 32. Bh3 Nb3 33. Bc3
Nc5 34. Rxd5 Nxa3 35. Bf1 Nc2 36. Rd2 Ne1 37. Rd1 Nf3+ 38. Kg2 Ng5 39. Rd5 Nge4
40. Bd4 Rc7 41. f3 Ng5 42. Rd6 Nce6 43. Bd3 1-0

[Event "32. Copenhagen Open (Politiken Cup)"]
[Site "Elsinore"]
[Date "2010.08.03"]
[Round "5"]
[White "Frisvold, Ole Emil"]
[Black "Hyldkrog, Lars"]
[Result "0-1"]
[WhiteElo "1871"]
[BlackElo "2044"]
[PlyCount "74"]
[EventDate "2010.07.31"]
[EventType "swiss"]
[EventRounds "10"]
[EventCountry "DEN"]
[Source "ChessBase"]
[SourceDate "2010.09.01"]

1. d4 d5 2. c4 e6 3. Nf3 Nf6 4. Bg5 Nbd7 5. e3 Bb4+ 6. Nbd2 O-O 7. a3 Bxd2+ 8.
Qxd2 b6 9. cxd5 exd5 10. Bd3 Qe8 11. Qc2 c5 12. Bxf6 Nxf6 13. dxc5 Bg4 14. c6
Bxf3 15. gxf3 d4 16. e4 Rc8 17. Rc1 Qe5 18. b4 Nd5 19. O-O Nc3 20. b5 Nxb5 21.
Bxb5 Qxb5 22. Rfd1 Rfd8 23. Qc4 Qe5 24. a4 Rc7 25. Qb5 Qf4 26. Rc4 d3 27. Qh5
Rd6 28. e5 Qxc4 29. exd6 Rxc6 30. Qe5 Qe6 31. d7 Qxd7 32. Rxd3 Qc8 33. h4 h6
34. Qe7 Rg6+ 35. Kh2 Qc1 36. Qe4 Qg1+ 37. Kh3 Qg2# 0-1

[Event "32. Copenhagen Open (Politiken Cup)"]
[Site "Elsinore"]
[Date "2010.08.03"]
[Round "5"]
[White "Ganguly, Surya Shekhar"]
[Black "Rasmussen, Allan Stig"]
[Result "1/2-1/2"]
[WhiteElo "2655"]
[BlackElo "2510"]
[PlyCount "49"]
[EventDate "2010.07.31"]
[EventType "swiss"]
[EventRounds "10"]
[EventCountry "DEN"]
[Source "ChessBase"]
[SourceDate "2010.09.01"]

1. e4 c6 2. d4 d5 3. Nc3 dxe4 4. Nxe4 Nd7 5. Ng5 Ngf6 6. Bd3 e6 7. N1f3 Bd6 8.
Qe2 h6 9. Ne4 Nxe4 10. Qxe4 Qc7 11. O-O b6 12. Qg4 Kf8 13. b3 Bb7 14. Bb2 Nf6
15. Qh3 Nd5 16. g3 c5 17. dxc5 Bxc5 18. Ne5 Nf6 19. Rae1 Rd8 20. Qh4 Rd5 21. b4
Bd6 22. Qc4 Ke7 23. Re2 Rc8 24. Qxc7+ Bxc7 25. Rfe1 1/2-1/2

[Event "32. Copenhagen Open (Politiken Cup)"]
[Site "Elsinore"]
[Date "2010.08.03"]
[Round "5"]
[White "Gislason, Gudmundur"]
[Black "Hansen, Sune Berg"]
[Result "0-1"]
[WhiteElo "2351"]
[BlackElo "2595"]
[PlyCount "54"]
[EventDate "2010.07.31"]
[EventType "swiss"]
[EventRounds "10"]
[EventCountry "DEN"]
[Source "ChessBase"]
[SourceDate "2010.09.01"]

1. d4 Nf6 2. c4 e6 3. Nc3 Bb4 4. Qc2 c5 5. dxc5 O-O 6. a3 Bxc5 7. Nf3 b6 8. b4
Be7 9. Bb2 a5 10. b5 Bb7 11. Ng5 d6 12. h4 Nbd7 13. Rd1 Qc7 14. e3 Rfe8 15. Bd3
Nf8 16. Na4 e5 17. Qb3 h6 18. Nxf7 Kxf7 19. c5+ Bd5 20. Bc4 Bxc4 21. Qxc4+ Ne6
22. f4 d5 23. Rxd5 Nxd5 24. f5 Rad8 25. O-O Bxc5 26. fxe6+ Kg8 27. Qe4 Rxe6 0-1

[Event "32. Copenhagen Open (Politiken Cup)"]
[Site "Elsinore"]
[Date "2010.08.03"]
[Round "5"]
[White "Gundersen, Ingvar"]
[Black "Tandrup, Michael"]
[Result "1/2-1/2"]
[WhiteElo "1779"]
[BlackElo "1968"]
[PlyCount "231"]
[EventDate "2010.07.31"]
[EventType "swiss"]
[EventRounds "10"]
[EventCountry "DEN"]
[Source "ChessBase"]
[SourceDate "2010.09.01"]

1. e4 d5 2. exd5 Nf6 3. d4 Nxd5 4. c4 Nf6 5. Nc3 e6 6. Nf3 c5 7. a3 cxd4 8. Nb5
Nc6 9. Bf4 Nh5 10. Be5 Nxe5 11. Nxe5 Nf6 12. Qa4 Nd7 13. f4 a6 14. Nxd4 Bd6 15.
Ndf3 O-O 16. b4 Bxe5 17. fxe5 Nxe5 18. Qb3 Nxf3+ 19. Qxf3 Qf6 20. Qxf6 gxf6 21.
Rd1 b6 22. Be2 Bb7 23. O-O Rad8 24. Rxf6 Rxd1+ 25. Bxd1 Rd8 26. Bh5 Rd7 27. Bf3
Kg7 28. Rf4 Bxf3 29. Rxf3 Rd1+ 30. Kf2 Rc1 31. Rf4 Rc3 32. a4 Ra3 33. b5 Rxa4
34. bxa6 Rxa6 35. Rd4 Ra3 36. Rd6 Rb3 37. Rc6 Kf6 38. c5 bxc5 39. Rxc5 Kg6 40.
Rc8 Rd3 41. Rg8+ Kf6 42. Rh8 Kg7 43. Re8 Rd5 44. h3 h5 45. Kf3 Rf5+ 46. Ke2 Kf6
47. Ra8 Kg5 48. g3 Rb5 49. Rf8 Kf6 50. Rh8 Kg7 51. Rc8 Rb2+ 52. Kf3 Rh2 53. h4
Rb2 54. Re8 Rb3+ 55. Kf2 Rb5 56. Kf3 Rf5+ 57. Ke2 Kf6 58. Ra8 Rd5 59. Ra7 Rd6
60. Rb7 Kg6 61. Rb8 Kf5 62. Rg8 f6 63. Ke3 e5 64. Rg7 Ra6 65. Kf2 Ra2+ 66. Ke3
Ra3+ 67. Kf2 e4 68. Re7 Ra5 69. Rg7 Ra6 70. Ke3 Rd6 71. Rg8 Rd3+ 72. Kf2 Rf3+
73. Kg2 Ke5 74. Rd8 Rf5 75. Rd7 e3 76. Ra7 Rf2+ 77. Kg1 Ke4 78. Rf7 Rf5 79. Ra7
Kf3 80. Kf1 Rb5 81. Ra1 Rd5 82. Ke1 Rd3 83. Ra5 Kxg3 84. Ke2 Rb3 85. Rf5 Kxh4
86. Rxf6 Kg4 87. Rg6+ Kf4 88. Rh6 Rb2+ 89. Ke1 Kg5 90. Re6 Rb3 91. Ke2 Kg4 92.
Rg6+ Kh3 93. Rg1 h4 94. Rg8 Kh2 95. Rg7 h3 96. Rg6 Ra3 97. Rg7 Ra2+ 98. Kxe3
Rg2 99. Rh7 Rg8 100. Kf2 Rf8+ 101. Ke2 Rf5 102. Rg7 Rf4 103. Ke1 Rf3 104. Ke2
Rg3 105. Rf7 Rg2+ 106. Kf1 Kh1 107. Rh7 h2 108. Rh6 Rg8 109. Rf6 Ra8 110. Rf7
Ra1+ 111. Kf2 Rg1 112. Rh7 Rg2+ 113. Kf1 Rg6 114. Rf7 Rh6 115. Rf8 Rf6+ 116.
Rxf6 1/2-1/2

[Event "32. Copenhagen Open (Politiken Cup)"]
[Site "Elsinore"]
[Date "2010.08.03"]
[Round "5"]
[White "Guttulsrud, Odd Martin"]
[Black "Rasmussen, Henning Lau"]
[Result "1-0"]
[WhiteElo "2073"]
[BlackElo "1867"]
[PlyCount "65"]
[EventDate "2010.07.31"]
[EventType "swiss"]
[EventRounds "10"]
[EventCountry "DEN"]
[Source "ChessBase"]
[SourceDate "2010.09.01"]

1. e4 e6 2. d4 d5 3. Nd2 c5 4. Ngf3 dxe4 5. Nxe4 cxd4 6. Qxd4 Qxd4 7. Nxd4 Bd7
8. Bf4 Nf6 9. Nd6+ Bxd6 10. Bxd6 a6 11. Be2 Nc6 12. Nb3 Nd8 13. c4 Bc6 14. f3
Nd7 15. Nd4 f6 16. O-O e5 17. Nxc6 Nxc6 18. Bd3 Nb6 19. Rfd1 Nc8 20. Bc5 N8e7
21. Rab1 a5 22. Rd2 g6 23. Rbd1 f5 24. Bc2 Rd8 25. Rxd8+ Nxd8 26. Ba4+ Ndc6 27.
Bb6 Kf7 28. Rd7 Ke6 29. Rxb7 Rb8 30. Rxb8 Nxb8 31. Bxa5 Nbc6 32. Bc3 Nd4 33.
Kf2 1-0

[Event "32. Copenhagen Open (Politiken Cup)"]
[Site "Elsinore"]
[Date "2010.08.03"]
[Round "5"]
[White "Halldorsson, Bragi"]
[Black "Andersen, Guttorm"]
[Result "1-0"]
[WhiteElo "2253"]
[BlackElo "1774"]
[PlyCount "77"]
[EventDate "2010.07.31"]
[EventType "swiss"]
[EventRounds "10"]
[EventCountry "DEN"]
[Source "ChessBase"]
[SourceDate "2010.09.01"]

1. d4 d5 2. c4 c6 3. Nc3 Nf6 4. Nf3 e6 5. Bg5 h6 6. Bxf6 gxf6 7. e3 Bd6 8. Qc2
Qa5 9. Be2 e5 10. dxe5 fxe5 11. O-O Be6 12. Rfd1 Nd7 13. cxd5 cxd5 14. Nb5 Qb6
15. a4 Qc5 16. Qxc5 Bxc5 17. Nc7+ Ke7 18. Nxd5+ Bxd5 19. Rxd5 Bb6 20. Nxe5 Nxe5
21. Rxe5+ Kf6 22. Rb5 Rab8 23. Bf3 Rhc8 24. a5 Rc5 25. Rxc5 Bxc5 26. Ra4 b5 27.
Rf4+ Kg6 28. Be4+ Kg7 29. g4 Re8 30. Bc6 Rxe3 31. Bxb5 Re5 32. Bc4 f6 33. b3 h5
34. h3 hxg4 35. hxg4 Kg6 36. Bf1 Kg5 37. Rc4 f5 38. b4 Be7 39. f4+ 1-0

[Event "32. Copenhagen Open (Politiken Cup)"]
[Site "Elsinore"]
[Date "2010.08.03"]
[Round "5"]
[White "Hansen, Rene Rauer"]
[Black "Hoel, Jorgen"]
[Result "1/2-1/2"]
[WhiteElo "2028"]
[BlackElo "1824"]
[PlyCount "86"]
[EventDate "2010.07.31"]
[EventType "swiss"]
[EventRounds "10"]
[EventCountry "DEN"]
[Source "ChessBase"]
[SourceDate "2010.09.01"]

1. d4 d5 2. c4 c6 3. Nf3 Nf6 4. e3 Bf5 5. Nc3 e6 6. Bd3 Bxd3 7. Qxd3 Nbd7 8.
O-O Be7 9. b3 O-O 10. Bb2 b6 11. e4 dxe4 12. Nxe4 Nxe4 13. Qxe4 c5 14. Rad1 Nf6
15. Qc2 Qc7 16. dxc5 Qxc5 17. Bd4 Qc7 18. Be5 Qc5 19. Rd4 Rad8 20. Rfd1 Qc8 21.
Ng5 g6 22. Nf3 Rxd4 23. Rxd4 Nd7 24. Bd6 Bxd6 25. Rxd6 Nc5 26. Qd1 Nb7 27. Rd7
Rd8 28. Ne5 f6 29. Ng4 Rxd7 30. Nxf6+ Kf7 31. Nxd7 Ke7 32. Ne5 Qc7 33. Qd4 Qd6
34. Qxd6+ Kxd6 35. Nd3 Nc5 36. Nb4 a5 37. Nc2 Nd3 38. a3 Kc5 39. Kf1 Nc1 40.
Ne3 Nxb3 41. Ke2 a4 42. Kd3 Na5 43. f4 h5 1/2-1/2

[Event "32. Copenhagen Open (Politiken Cup)"]
[Site "Elsinore"]
[Date "2010.08.03"]
[Round "5"]
[White "Hansen, Verner"]
[Black "Jensen, Hans Askov"]
[Result "1-0"]
[WhiteElo "1927"]
[BlackElo "1600"]
[PlyCount "87"]
[EventDate "2010.07.31"]
[EventType "swiss"]
[EventRounds "10"]
[EventCountry "DEN"]
[Source "ChessBase"]
[SourceDate "2010.09.01"]

1. e4 e5 2. Nf3 Nc6 3. Bb5 a6 4. Bxc6 dxc6 5. O-O Bd6 6. d4 exd4 7. Qxd4 f6 8.
Nc3 Ne7 9. Qc4 b5 10. Qb3 c5 11. a4 c4 12. Qa2 b4 13. Ne2 Be6 14. Ned4 Bf7 15.
c3 c5 16. Ne2 Qc7 17. Ng3 a5 18. Qb1 O-O 19. Be3 Rab8 20. Qc2 Rfd8 21. Qe2 Bf4
22. Rfe1 Bxe3 23. Qxe3 Rd3 24. Qc1 Rbd8 25. e5 f5 26. Qf4 g6 27. h4 bxc3 28.
bxc3 Rxc3 29. h5 Rcd3 30. hxg6 hxg6 31. Qh4 R8d4 32. Nxd4 cxd4 33. Qf6 Bd5 34.
Rab1 Rb3 35. e6 Rxb1 36. Rxb1 d3 37. Qf7+ Kh8 38. Qf8+ Kh7 39. Rb8 Qxb8 40.
Qxb8 d2 41. Qb1 Bxe6 42. Qc2 c3 43. Ne2 Nd5 44. Nxc3 1-0

[Event "32. Copenhagen Open (Politiken Cup)"]
[Site "Elsinore"]
[Date "2010.08.03"]
[Round "5"]
[White "Hector, Jonny"]
[Black "Brunello, Sabino"]
[Result "1-0"]
[WhiteElo "2584"]
[BlackElo "2488"]
[PlyCount "61"]
[EventDate "2010.07.31"]
[EventType "swiss"]
[EventRounds "10"]
[EventCountry "DEN"]
[Source "ChessBase"]
[SourceDate "2010.09.01"]

1. e4 e5 2. Nf3 Nc6 3. Bc4 Bc5 4. b4 Bxb4 5. c3 Be7 6. d4 Na5 7. Nxe5 Nxc4 8.
Nxc4 d5 9. exd5 Qxd5 10. Ne3 Qd8 11. O-O Nf6 12. c4 O-O 13. Nc3 Re8 14. Rb1 Bf8
15. Qf3 Qxd4 16. Nb5 Qb6 17. Bb2 Ne4 18. Nd5 Qg6 19. Nbxc7 Ng5 20. Qg3 Bd6 21.
Nxe8 Bxg3 22. Ne7+ Kf8 23. Nxg6+ hxg6 24. hxg3 Kxe8 25. Bxg7 Ne6 26. Bf6 b6 27.
Rfd1 Ba6 28. Rb4 Rc8 29. c5 Rxc5 30. Rh4 Rh5 31. Rxh5 1-0

[Event "32. Copenhagen Open (Politiken Cup)"]
[Site "Elsinore"]
[Date "2010.08.03"]
[Round "5"]
[White "Holm, Kristian Stuvik"]
[Black "Svane, Rasmus"]
[Result "1/2-1/2"]
[WhiteElo "2086"]
[BlackElo "2216"]
[PlyCount "23"]
[EventDate "2010.07.31"]
[EventType "swiss"]
[EventRounds "10"]
[EventCountry "DEN"]
[Source "ChessBase"]
[SourceDate "2010.09.01"]

1. d4 d5 2. c4 c6 3. Nf3 Nf6 4. Nc3 a6 5. c5 Bf5 6. Bf4 Nh5 7. Bd2 e6 8. h3 Nf6
9. Bf4 Nbd7 10. e3 b6 11. Qa4 b5 12. Qb3 1/2-1/2

[Event "32. Copenhagen Open (Politiken Cup)"]
[Site "Elsinore"]
[Date "2010.08.03"]
[Round "5"]
[White "Holst, Conny"]
[Black "Schmitt, Carsten"]
[Result "0-1"]
[WhiteElo "2185"]
[BlackElo "1933"]
[PlyCount "84"]
[EventDate "2010.07.31"]
[EventType "swiss"]
[EventRounds "10"]
[EventCountry "DEN"]
[Source "ChessBase"]
[SourceDate "2010.09.01"]

1. d4 d5 2. c4 e6 3. Nf3 c6 4. Nc3 dxc4 5. a4 Bb4 6. e3 b5 7. Bd2 a5 8. axb5
Bxc3 9. Bxc3 cxb5 10. b3 Bb7 11. bxc4 b4 12. Bb2 Nf6 13. Bd3 Nbd7 14. O-O O-O
15. Qc2 Qc7 16. Rfc1 Rfc8 17. c5 Bc6 18. e4 h6 19. Nd2 a4 20. Re1 Qb7 21. Bc4
Rcb8 22. Qd3 Bb5 23. Bxb5 Qxb5 24. Qxb5 Rxb5 25. c6 Nb6 26. Rab1 Ne8 27. Rec1
Nc7 28. f3 Rb8 29. Kf2 f6 30. Ke3 Nc8 31. Nc4 a3 32. Ba1 b3 33. Bc3 b2 34. Rd1
Rb3 35. Kd2 Nb5 36. Ba5 Nxd4 37. c7 R8b7 38. Bc3 Nb5 39. Na5 Nxc3 40. Nxb3 Rxb3
41. Kc2 Nxd1 42. Kxb3 Nc3 0-1

[Event "32. Copenhagen Open (Politiken Cup)"]
[Site "Elsinore"]
[Date "2010.08.03"]
[Round "5"]
[White "Hornsgaard, Jens Boe"]
[Black "Vesterli, Michael E"]
[Result "1-0"]
[WhiteElo "2044"]
[BlackElo "1862"]
[PlyCount "89"]
[EventDate "2010.07.31"]
[EventType "swiss"]
[EventRounds "10"]
[EventCountry "DEN"]
[Source "ChessBase"]
[SourceDate "2010.09.01"]

1. d4 Nf6 2. c4 g6 3. Nc3 Bg7 4. e4 d6 5. Be2 O-O 6. Bg5 Na6 7. Nf3 Qe8 8. O-O
e5 9. d5 Nc5 10. Nd2 a5 11. Qc2 h6 12. Be3 Nh7 13. g4 f5 14. f3 h5 15. g5 f4
16. Bxc5 dxc5 17. h4 Qe7 18. Rf2 Bd7 19. b3 Rfd8 20. a3 Bf8 21. Rb1 Qe8 22. Na2
Bd6 23. Nc1 Qe7 24. Nd3 Nf8 25. Bf1 b6 26. Qb2 Rdb8 27. Re2 Bc8 28. Nxf4 exf4
29. e5 Qg7 30. exd6 cxd6 31. Ne4 Bf5 32. Nf6+ Kh8 33. Rbe1 Ra7 34. Qd2 Rf7 35.
Qxf4 Rd8 36. Qd2 Nd7 37. Ne8 Qf8 38. Qc3+ Kh7 39. Bg2 Ra8 40. Nc7 Rc8 41. Re8
Rxe8 42. Rxe8 Qg7 43. Qxg7+ Kxg7 44. Nb5 Nf8 45. Nxd6 1-0

[Event "32. Copenhagen Open (Politiken Cup)"]
[Site "Elsinore"]
[Date "2010.08.03"]
[Round "5"]
[White "Jacobsen, Fredrik Beer"]
[Black "Pedersen, Hans Buus"]
[Result "1-0"]
[WhiteElo "1955"]
[BlackElo "2144"]
[PlyCount "59"]
[EventDate "2010.07.31"]
[EventType "swiss"]
[EventRounds "10"]
[EventCountry "DEN"]
[Source "ChessBase"]
[SourceDate "2010.09.01"]

1. d4 Nf6 2. c4 e6 3. Nf3 b6 4. g3 Ba6 5. Qc2 Bb4+ 6. Bd2 Bxd2+ 7. Nbxd2 O-O 8.
e4 d5 9. e5 Nfd7 10. b4 c5 11. b5 Bb7 12. Bd3 h6 13. cxd5 Bxd5 14. Be4 cxd4 15.
Bxd5 exd5 16. O-O a6 17. a4 Re8 18. Rae1 axb5 19. axb5 d3 20. Qxd3 Nc5 21. Qc2
Nbd7 22. Nb3 Qc7 23. Re3 Rac8 24. Rfe1 Nxb3 25. Qxb3 Qc4 26. Qxc4 dxc4 27. Nd4
Rc5 28. f4 Rd5 29. Nf5 Ra8 30. Ne7+ 1-0

[Event "32. Copenhagen Open (Politiken Cup)"]
[Site "Elsinore"]
[Date "2010.08.03"]
[Round "5"]
[White "Jensen, Leif Norholm"]
[Black "Bjorneboe, Kristian"]
[Result "1/2-1/2"]
[WhiteElo "1810"]
[BlackElo "1979"]
[PlyCount "103"]
[EventDate "2010.07.31"]
[EventType "swiss"]
[EventRounds "10"]
[EventCountry "DEN"]
[Source "ChessBase"]
[SourceDate "2010.09.01"]

1. f4 Nf6 2. Nf3 g6 3. e3 d5 4. b3 Bg7 5. Bb2 O-O 6. Be2 c5 7. O-O Nc6 8. Ne5
Qb6 9. Nc3 Qd8 10. Nxc6 bxc6 11. Na4 Nd7 12. Bxg7 Kxg7 13. Bf3 Ba6 14. d3 Qa5
15. c4 Nf6 16. Qc2 Rfd8 17. Rfd1 Rac8 18. e4 d4 19. e5 Nd7 20. Qe2 e6 21. g4
Re8 22. Qg2 Bb7 23. g5 Rh8 24. Be4 Qd8 25. h4 h5 26. Rf1 Re8 27. Nb2 Qc7 28.
Nd1 Qa5 29. Nf2 Qd2 30. Qf3 Nb6 31. Nh3 Nd5 32. cxd5 cxd5 33. Rf2 dxe4 34. dxe4
Qe3 35. Qxe3 dxe3 36. Re2 Bxe4 37. Rxe3 Bf5 38. Rc1 Red8 39. Nf2 Rd4 40. Rc4
Rxc4 41. bxc4 Rd8 42. Kg2 Rd4 43. Kf3 Rxc4 44. Ne4 Ra4 45. Nxc5 Rxa2 46. Rb3
Rc2 47. Nd7 Rc8 48. Ra3 Ra8 49. Nb6 Rb8 50. Nd7 Ra8 51. Nb6 Rb8 52. Nd7 1/2-1/2

[Event "32. Copenhagen Open (Politiken Cup)"]
[Site "Elsinore"]
[Date "2010.08.03"]
[Round "5"]
[White "Jensen, Niels Christian"]
[Black "Nielsen, Henning"]
[Result "1/2-1/2"]
[WhiteElo "1993"]
[BlackElo "2164"]
[PlyCount "122"]
[EventDate "2010.07.31"]
[EventType "swiss"]
[EventRounds "10"]
[EventCountry "DEN"]
[Source "ChessBase"]
[SourceDate "2010.09.01"]

1. d4 Nf6 2. c4 e6 3. Nc3 Bb4 4. e3 c5 5. Nge2 Ne4 6. Bd2 Nxd2 7. Qxd2 O-O 8.
a3 Bxc3 9. Nxc3 cxd4 10. exd4 d5 11. cxd5 exd5 12. Be2 Be6 13. O-O Nc6 14. Bf3
Rc8 15. b4 Ne7 16. Rac1 Qd7 17. Be2 Nf5 18. Bb5 Qd6 19. Ne2 h6 20. Rxc8 Rxc8
21. Rc1 Rxc1+ 22. Qxc1 b6 23. Bd3 Ne7 24. h3 Qd7 25. Qc2 Nc8 26. Ng3 Nd6 27. f4
f5 28. Kf2 Kf7 29. Nf1 Nc4 30. Bxc4 dxc4 31. Qc3 b5 32. Nd2 Bd5 33. Qe3 Qe6 34.
Qxe6+ Kxe6 35. Nb1 g5 36. g3 a6 37. Nc3 Bc6 38. h4 Kf6 39. Ke3 gxh4 40. gxh4
Bd7 41. Kf2 Be8 42. Kg3 Bh5 43. Kf2 Bg4 44. Kg3 Kg6 45. Kf2 Bh3 46. Nb1 Kh5 47.
Kg3 Bf1 48. Nc3 Bd3 49. Kh3 Be4 50. Kg3 Bc2 51. Kh3 Bd3 52. Kg3 Be4 53. Kh3 Kg6
54. Kg3 Kf6 55. Kf2 Ke7 56. Kg3 Kd8 57. Kf2 Kd7 58. Kg3 Kc6 59. Kf2 a5 60. Kg3
Bd5 61. Kf2 Be4 1/2-1/2